<?xml version="1.0" encoding="UTF-8"?>
<record
    xmlns:xsi="http://www.w3.org/2001/XMLSchema-instance"
    xsi:schemaLocation="http://www.loc.gov/MARC21/slim http://www.loc.gov/standards/marcxml/schema/MARC21slim.xsd"
    xmlns="http://www.loc.gov/MARC21/slim">

  <leader>01620nam a22003257a 4500</leader>
  <controlfield tag="003">OSt</controlfield>
  <controlfield tag="005">20230706094536.0</controlfield>
  <controlfield tag="008">170318s2016       gt||||| |||| 00| 0 spa d</controlfield>
  <datafield tag="040" ind1=" " ind2=" ">
    <subfield code="c">Lado V</subfield>
  </datafield>
  <datafield tag="082" ind1="0" ind2="4">
    <subfield code="a">306.4</subfield>
    <subfield code="b">R786c</subfield>
  </datafield>
  <datafield tag="100" ind1=" " ind2=" ">
    <subfield code="9">866</subfield>
    <subfield code="a">Roque Baldovinos, Ricardo</subfield>
    <subfield code="e">directora</subfield>
  </datafield>
  <datafield tag="245" ind1="1" ind2="0">
    <subfield code="a">Cultura/</subfield>
    <subfield code="b">Revista del consejo nacional para la cultura y el arte/</subfield>
  </datafield>
  <datafield tag="260" ind1=" " ind2=" ">
    <subfield code="b">Consejo Nacional de Cultura</subfield>
    <subfield code="c">1999</subfield>
    <subfield code="a">Costa Rica</subfield>
  </datafield>
  <datafield tag="300" ind1=" " ind2=" ">
    <subfield code="a">198p.</subfield>
    <subfield code="c">24x18cm</subfield>
  </datafield>
  <datafield tag="490" ind1=" " ind2=" ">
    <subfield code="a">84</subfield>
    <subfield code="v">1999</subfield>
  </datafield>
  <datafield tag="505" ind1=" " ind2=" ">
    <subfield code="a">Editorial</subfield>
  </datafield>
  <datafield tag="505" ind1=" " ind2=" ">
    <subfield code="a">ENSAYOS</subfield>
    <subfield code="t">De como el personaje fue maestro y el autor su aprendiz

La historia cifrada

El drama del purgatorio plasmado en una pintura colonial

Las ideas filos&#xF3;ficas en El Salvador 

La religi&#xF3;n del arte

Carlos Mart&#xED;nez Rivas y la soledad de las ciudades</subfield>
  </datafield>
  <datafield tag="505" ind1=" " ind2=" ">
    <subfield code="a">ENTREVISTA</subfield>
    <subfield code="t">Alvaro Mendez Leal </subfield>
  </datafield>
  <datafield tag="505" ind1=" " ind2=" ">
    <subfield code="a">POES&#xCD;A</subfield>
    <subfield code="t">COMARCAS</subfield>
  </datafield>
  <datafield tag="505" ind1=" " ind2=" ">
    <subfield code="a">ESPECIAL</subfield>
    <subfield code="t">Nueva cuentistica salvadore&#xF1;a

Una peque&#xF1;a libreta de apuntes

Cementerio de carrosMujeres en el rinc&#xF3;n

Razor

Correspondencia de abril

Vaca</subfield>
  </datafield>
  <datafield tag="505" ind1=" " ind2=" ">
    <subfield code="a">COMENTARIOS</subfield>
    <subfield code="t">Retorno a los cl&#xE1;sicos 

En el centenario de Xavier Zubiri

Saramago

Reinventando el 68 franc&#xE9;s

Los cuentos Sucios</subfield>
  </datafield>
  <datafield tag="505" ind1=" " ind2=" ">
    <subfield code="a">TINTA FRESCA</subfield>
  </datafield>
  <datafield tag="650" ind1=" " ind2=" ">
    <subfield code="2">Tesauro de Arte &amp; Arquitectura</subfield>
    <subfield code="a">CULTURA</subfield>
  </datafield>
  <datafield tag="650" ind1=" " ind2=" ">
    <subfield code="2">Tesauro de Arte &amp; Arquitectura</subfield>
    <subfield code="a">ENSAYOS</subfield>
  </datafield>
  <datafield tag="650" ind1=" " ind2=" ">
    <subfield code="2">Tesauro de Arte &amp; Arquitectura</subfield>
    <subfield code="a">ENTREVISTA</subfield>
  </datafield>
  <datafield tag="650" ind1=" " ind2=" ">
    <subfield code="2">Tesauro de Arte &amp; Arquitectura</subfield>
    <subfield code="a">POESIA</subfield>
  </datafield>
  <datafield tag="650" ind1=" " ind2=" ">
    <subfield code="2">Tesauro de Arte &amp; Arquitectura</subfield>
    <subfield code="a">CRITICA</subfield>
  </datafield>
  <datafield tag="700" ind1="1" ind2=" ">
    <subfield code="a">Svankmajer.</subfield>
    <subfield code="e">ilustrador.</subfield>
    <subfield code="9">5749</subfield>
  </datafield>
  <datafield tag="942" ind1=" " ind2=" ">
    <subfield code="2">ddc</subfield>
    <subfield code="c">1</subfield>
    <subfield code="h">306.4</subfield>
    <subfield code="i">R786c</subfield>
    <subfield code="n">0</subfield>
  </datafield>
  <datafield tag="999" ind1=" " ind2=" ">
    <subfield code="c">3981</subfield>
    <subfield code="d">3981</subfield>
  </datafield>
  <datafield tag="952" ind1=" " ind2=" ">
    <subfield code="0">0</subfield>
    <subfield code="1">0</subfield>
    <subfield code="2">ddc</subfield>
    <subfield code="3">1999</subfield>
    <subfield code="4">0</subfield>
    <subfield code="7">0</subfield>
    <subfield code="8">Revistas</subfield>
    <subfield code="a">LV</subfield>
    <subfield code="b">LV</subfield>
    <subfield code="d">2023-07-06</subfield>
    <subfield code="h">84</subfield>
    <subfield code="i">003289</subfield>
    <subfield code="l">0</subfield>
    <subfield code="o">306.4 R786c</subfield>
    <subfield code="p">003289</subfield>
    <subfield code="r">2023-07-06 00:00:00</subfield>
    <subfield code="w">2023-07-06</subfield>
    <subfield code="y">1</subfield>
  </datafield>
</record>
